UM Logo

Unlocking crossword-puzzle : (Record no. 10018)

MARC details
000 -LEADER
fixed length control field 00663nam a22001697a 4500
008 - FIXED-LENGTH DATA ELEMENTS--GENERAL INFORMATION
fixed length control field 180725b ||||| |||| 00| 0 eng d
082 ## - DEWEY DECIMAL CLASSIFICATION NUMBER
Edition number 2017
Classification number UT 0952
Item number C11
100 ## - MAIN ENTRY--PERSONAL NAME
9 (RLIN) 29603
Personal name Cañabano, Ciza Jean L.
245 ## - TITLE STATEMENT
Title Unlocking crossword-puzzle :
Remainder of title problem in improving vocabulary skills of pupils /
Statement of responsibility, etc. Ciza Jean L. Cañabano, Jevyn D. Martinez, Maylanie K. Balindan
260 ## - PUBLICATION, DISTRIBUTION, ETC. (IMPRINT)
Place of publication, distribution, etc. Digos City :
Name of publisher, distributor, etc. UMDC
Date of publication, distribution, etc. November 2017
300 ## - PHYSICAL DESCRIPTION
Extent 83 pages ;
Other physical details 29 cm.
650 #0 - SUBJECT ADDED ENTRY--TOPICAL TERM
9 (RLIN) 29604
Topical term or geographic name as entry element Education
Form subdivision Elementary
General subdivision Undergraduate thesis.
700 ## - ADDED ENTRY--PERSONAL NAME
9 (RLIN) 29605
Personal name Cañabano, Ciza Jean L.
700 ## - ADDED ENTRY--PERSONAL NAME
9 (RLIN) 29606
Personal name Martinez, Jevyn D.
700 ## - ADDED ENTRY--PERSONAL NAME
9 (RLIN) 29607
Personal name Balindan, Maylanie K.
942 ## - ADDED ENTRY ELEMENTS (KOHA)
Source of classification or shelving scheme Dewey Decimal Classification
Koha item type Undergraduate Thesis
Holdings
Withdrawn status Lost status Source of classification or shelving scheme Damaged status Not for loan Home library Current library Date acquired Total Checkouts Full call number Barcode Date last seen Copy number Price effective from Koha item type
    Dewey Decimal Classification     UM Digos College - LIC UM Digos College - LIC 07/12/2018   UT 0952 C11 2017 0952 05/15/2025 1 07/25/2018 Undergraduate Thesis